| 000 | 00469cam a2200181ua 4500 | ||
|---|---|---|---|
| 020 | _a81-7233-106-5 | ||
| 041 |
_aeng _h |
||
| 082 |
_a574.526 5 _bGUP/AL |
||
| 100 | _aGupta, I C . | ||
| 245 |
_aAlkali wastelands environment and reclamation / _cI C Gupta. _hTextual Documents |
||
| 260 |
_aIndia : _bScientific Publishers , _c1995. |
||
| 300 | _a273 ; . | ||
| 504 | _a | ||
| 700 | 1 | _aGupta, S K . | |
| 700 | 1 | _aSharma, D P . | |
| 942 | _cBK | ||
| 999 |
_c564 _d564 |
||